Sestavení a ověření složeného ukazatele pro odhady vývoje HDP

Výber vhodných čiastkových ukazovateľov a vytvorenie bázy dát. Overenie čiastkových korelácií s HDP a zostavenie váh pre agregáciu. Konštrukcia časových radov zloženého ukazovateľa a ich sezónne očistenie. Grafická a regresná analýza vzťahu medzi vývojom HDP a zloženého ukazovateľa. Experimentálna a...

Full description

Saved in:
Bibliographic Details
Main Author: Šujan, I.
Other Authors: Šujanová, M.
Format: Book Chapter
Language:Czech
Subjects:
Tags: Add Tag
No Tags, Be the first to tag this record!

MARC

LEADER 00000naa a2200000 4500
001 r000522
005 20221205080455.5
041 0 |a cze 
044 |a CZ 
245 1 0 |a Sestavení a ověření složeného ukazatele pro odhady vývoje HDP  |c I. Šujan, M. Šujanová 
520 |a Výber vhodných čiastkových ukazovateľov a vytvorenie bázy dát. Overenie čiastkových korelácií s HDP a zostavenie váh pre agregáciu. Konštrukcia časových radov zloženého ukazovateľa a ich sezónne očistenie. Grafická a regresná analýza vzťahu medzi vývojom HDP a zloženého ukazovateľa. Experimentálna aplikácia zloženého ukazovateľa k modelovým prepočtom HDP. 
610 2 0 |a produkt domáci hrubý 
610 2 0 |a ukazovatele ekonomické 
610 2 0 |a indexy 
610 2 0 |a makroekonomika 
610 2 0 |a báza dát 
610 2 0 |a metódy ekonomicko-matematické 
610 2 0 |a rady časové 
610 2 0 |a analýza ekonomická 
610 2 0 |a modely ekonomické 
100 1 |a Šujan, I. 
700 1 |a Šujanová, M.